[Event "Korumdu Issykkul op-A"]
[Site "Korumdu"]
[Date "2024.06.24"]
[Round "4"]
[White "Zheenbekov, Nurgazi"]
[Black "Amin Erdene, Bayanmunkh"]
[Result "1-0"]
[WhiteElo "2107"]
[BlackElo "1964"]
[PlyCount "103"]
[EventDate "2024.06.22"]
[EventType "swiss"]
[EventRounds "10"]
[EventCountry "KGZ"]
[SourceTitle "CBM 220 Extra"]
[Source "ChessBase"]
[SourceDate "2024.07.31"]
[SourceVersion "1"]
[SourceVersionDate "2024.07.31"]
[SourceQuality "1"]

1. e4 e6 2. d4 d5 3. exd5 exd5 4. Nf3 Nf6 5. Bd3 c5 6. 0-0 c4 7. Re1+ Be7 8. Bf1 0-0 9. b3 cxb3 10. axb3 Nc6 11. Nbd2 Bf5 12. c3 Qc7 13. h3 h6 14. Ba3 Bxa3 15. Rxa3 Rfe8 16. b4 Rxe1 17. Qxe1 Re8 18. Qa1 a6 19. Nb3 Ne4 20. Nc5 Re7 21. Qd1 Qf4 22. Nd3 Qc7 23. Qc1 g5 24. Nc5 Nd8 25. Nxe4 Bxe4 26. Nh2 Ne6 27. Ra1 Nf4 28. Qd2 Kg7 29. Ng4 Ng6 30. Re1 f5 31. Ne5 f4 32. c4 Nxe5 33. dxe5 Rxe5 34. f3 Bf5 35. Qd4 Kf6 36. cxd5 Qd6 37. Rxe5 Qxe5 38. Qb6+ Ke7 39. Qxb7+ Bd7 40. Qxa6 Qxd5 41. Qxh6 Bb5 42. Qg7+ Ke8 43. Bxb5+ Qxb5 44. Qd4 Kf7 45. Qc5 Qe2 46. Qxg5 Qe1+ 47. Kh2 Qxb4 48. h4 Qd4 49. h5 Ke6 50. h6 Qd3 51. Qg8+ Kf6 52. h7 1-0

[Event "MGL-ch (Women) 54th"]
[Site "Choibalsan"]
[Date "2024.05.26"]
[Round "9"]
[White "Amin Erdene, Bayanmunkh"]
[Black "Ulziikhishigjargal, Ochirkhuyag"]
[Result "0-1"]
[WhiteElo "1966"]
[BlackElo "2020"]
[PlyCount "94"]
[EventDate "2024.05.17"]
[EventType "tourn"]
[EventRounds "13"]
[EventCountry "MGL"]
[SourceTitle "CBM 220 Extra"]
[Source "ChessBase"]
[SourceDate "2024.07.31"]
[SourceVersion "1"]
[SourceVersionDate "2024.07.31"]
[SourceQuality "1"]

1. d4 Nf6 2. c4 e6 3. Nc3 Bb4 4. Qc2 d5 5. a3 Bxc3+ 6. Qxc3 Ne4 7. Qc2 c5 8. dxc5 Nc6 9. e3 Qa5+ 10. Bd2 Qxc5 11. Nf3 Nxd2 12. Nxd2 d4 13. b4 Qe5 14. Nf3 Qf6 15. exd4 Nxd4 16. Nxd4 Qxd4 17. Rd1 Qe5+ 18. Be2 Bd7 19. 0-0 Bc6 20. Bd3 Rc8 21. Qb1 b6 22. Rc1 h5 23. Rfe1 Qg5 24. Be4 0-0 25. Bxc6 Rxc6 26. Qe4 Rfc8 27. Re3 Qg4 28. f4 e5 29. Rf3 Rg6 30. Rf2 Re6 31. h3 Qg3 32. Qb7 Rec6 33. fxe5 R8c7 34. Qb8+ Kh7 35. c5 Qxa3 36. Rcf1 Qxb4 37. e6 Qxc5 38. Kh1 Rxe6 39. Rf5 Re5 40. Rxf7 Rxf7 41. Rxf7 Re1+ 42. Kh2 Qg1+ 43. Kg3 Re3+ 44. Rf3 Qe1+ 45. Kf4 Re4+ 46. Kf5 g6+ 47. Kf6 Qh4+ 0-1

[Event "MGL-ch (Women) 54th"]
[Site "Choibalsan"]
[Date "2024.05.24"]
[Round "7"]
[White "Amin Erdene, Bayanmunkh"]
[Black "Emujin, Enkh Amgalan"]
[Result "1-0"]
[WhiteElo "1966"]
[BlackElo "1906"]
[PlyCount "73"]
[EventDate "2024.05.17"]
[EventType "tourn"]
[EventRounds "13"]
[EventCountry "MGL"]
[SourceTitle "CBM 220 Extra"]
[Source "ChessBase"]
[SourceDate "2024.07.31"]
[SourceVersion "1"]
[SourceVersionDate "2024.07.31"]
[SourceQuality "1"]

1. d4 d5 2. Bf4 Bf5 3. c4 e6 4. Nc3 c6 5. e3 Nf6 6. Nf3 h6 7. Qb3 Qb6 8. c5 Qxb3 9. axb3 Nbd7 10. b4 g5 11. Bg3 Nh5 12. b5 Nxg3 13. hxg3 Bg7 14. b4 Ke7 15. Nd2 e5 16. Nb3 Rhc8 17. Kd2 Be6 18. Bd3 cxb5 19. Nxb5 a6 20. Nc3 Rab8 21. Rhc1 f5 22. b5 axb5 23. Nxb5 Rf8 24. Na5 f4 25. c6 fxe3+ 26. fxe3 b6 27. Nb3 Rf2+ 28. Ke1 Rb2 29. Nd2 exd4 30. exd4 Nf6 31. Ra7+ Kf8 32. c7 Rc8 33. Nd6 Ne8 34. Nxc8 Bxc8 35. Ra8 Nd6 36. Ba6 Ra2 37. Rxc8+ 1-0

[Event "MGL-ch (Women) 54th"]
[Site "Choibalsan"]
[Date "2024.05.17"]
[Round "1"]
[White "Amin Erdene, Bayanmunkh"]
[Black "Nomin Erdene, Davaademberel"]
[Result "1-0"]
[WhiteElo "1966"]
[BlackElo "2353"]
[PlyCount "89"]
[EventDate "2024.05.17"]
[EventType "tourn"]
[EventRounds "13"]
[EventCountry "MGL"]
[SourceTitle "CBM 220 Extra"]
[Source "ChessBase"]
[SourceDate "2024.07.31"]
[SourceVersion "1"]
[SourceVersionDate "2024.07.31"]
[SourceQuality "1"]

1. d4 Nf6 2. Bf4 b6 3. c4 e6 4. e3 Bb7 5. Nc3 Bb4 6. Nge2 0-0 7. a3 Be7 8. Qc2 d5 9. cxd5 exd5 10. Ng3 c5 11. Be2 Nc6 12. Rd1 cxd4 13. exd4 Rc8 14. Nf5 Na5 15. 0-0 Ne4 16. Rd3 Bg5 17. Bxg5 Qxg5 18. Ng3 f5 19. Ncxe4 dxe4 20. Rc3 Rxc3 21. bxc3 Qe7 22. f3 Qe6 23. fxe4 fxe4 24. Rxf8+ Kxf8 25. c4 Qf6 26. d5 Qd4+ 27. Kh1 b5 28. cxb5 Qxd5 29. Qc7 Nb3 30. Bc4 Qd1+ 31. Nf1 Ke8 32. Qb8+ Ke7 33. Qxb7+ Kd6 34. Qxe4 Na5 35. Be2 Qe1 36. Qd4+ Ke6 37. Bc4+ Kf5 38. Bd3+ Ke6 39. Qxa7 Nb3 40. Qe3+ Qxe3 41. Nxe3 Ke5 42. Bc4 Na5 43. Bd5 Kd4 44. b6 Kxe3 45. b7 1-0

[Event "Ulaanbaatar Mongolia Fed"]
[Site "Ulaanbaatar"]
[Date "2024.03.22"]
[Round "2"]
[White "Amin Erdene, Bayanmunkh"]
[Black "Aldar, Burentegsh"]
[Result "1/2-1/2"]
[WhiteElo "1936"]
[BlackElo "2011"]
[PlyCount "171"]
[EventDate "2024.03.21"]
[EventType "swiss"]
[EventRounds "7"]
[EventCountry "MGL"]
[SourceTitle "CBM 219 Extra"]
[Source "ChessBase"]
[SourceDate "2024.05.31"]
[SourceVersion "1"]
[SourceVersionDate "2024.05.31"]
[SourceQuality "1"]

1. d4 Nf6 2. Bf4 b6 3. Nc3 Bb7 4. f3 d5 5. e4 e6 6. Nb5 Na6 7. e5 Nd7 8. Be3 Nab8 9. f4 a6 10. Nc3 c5 11. Nce2 Nc6 12. Nf3 Be7 13. c3 Qc7 14. g3 0-0-0 15. Bh3 Kb8 16. 0-0 Bc8 17. dxc5 bxc5 18. b4 d4 19. cxd4 cxb4 20. Rc1 Nb6 21. Bg2 Nd5 22. Bf2 Qb6 23. Nd2 Na5 24. Ne4 Bd7 25. Nc5 Bb5 26. Rb1 Nc4 27. Bxd5 Rxd5 28. a4 bxa3 29. Nc3 Rxc5 30. dxc5 Bxc5 31. Nxb5 axb5 32. Qb3 Rd8 33. Kg2 a2 34. Qxa2 Rd2 35. Qb3 Bxf2 36. Kh3 Rd5 37. Qb4 Bc5 38. Qxb5 Qxb5 39. Rxb5+ Kc7 40. Rfb1 Kc6 41. Rb8 Nb6 42. Rg8 g6 43. Rg7 Rd7 44. Rxh7 Kd5 45. Kg2 Ra7 46. h4 Nc4 47. h5 gxh5 48. Rxh5 Ne3+ 49. Kh3 Nf5 50. Rh7 Ra3 51. Rxf7 Rxg3+ 52. Kh2 Bf2 53. Rxf5 exf5 54. Rf1 Rf3 55. Kg2 Rxf4 56. Rxf2 Rg4+ 57. Kf3 Kxe5 58. Ra2 Rf4+ 59. Ke3 Rb4 60. Ra3 Kf6 61. Kf3 Kg5 62. Kg3 Rg4+ 63. Kf3 Rh4 64. Kg3 f4+ 65. Kg2 Kg4 66. Kf2 Rh2+ 67. Kg1 Re2 68. Kf1 Rb2 69. Rc3 Kf5 70. Ra3 Ke4 71. Ra4+ Kf3 72. Ra3+ Kg4 73. Rc3 Rb4 74. Kf2 Rb1 75. Ra3 Rb2+ 76. Kf1 Kh4 77. Rf3 Rb4 78. Ra3 Rb5 79. Kf2 Kg5 80. Rd3 Kg4 81. Ra3 Rh5 82. Kg2 Re5 83. Kf2 Re4 84. Rb3 Re3 85. Rxe3 fxe3+ 86. Kxe3 1/2-1/2